Noem alle ploegen van de premier league heren 2024 2025 - Statistieken

Algemene statistieken
  • Deze quiz is 80 keer genomen
  • De gemiddelde score is 13 van 20
Antwoordstatistieken
Antwoord % Correct
Liverpool
100%
Manchester City
98%
Manchester United
98%
Arsenal
95%
Chelsea
93%
Aston Villa
77%
Tottenham Hotspur
71%
Brentford
68%
West Ham United
64%
Crystal Palace
63%
Everton
63%
Newcastle United
57%
Brighton & Hove Albion
54%
Fulham
54%
Nottingham Forest
54%
Bournemouth
50%
Southampton
45%
Wolverhampton Wanderers
45%
Ipswich Town
43%
Leicester City
43%
Geen overeenkomende quizzen gevonden
Scoreverdeling
Procent van Mensen met Elke Score
Percentiel versus Aantal Correcte Antwoorden
Uw Scoregeschiedenis
U heeft deze quiz nog niet genomen